Automatizácia v elektroanalytickej chémii a jej využitie pri vývoji a validácii analytických metód

Enregistré dans:
Détails bibliographiques
Auteur principal: Haššo, Marek (Auteur)
Autres auteurs: Švorc, Ľubomír (Directeur de thèse)
Format: Manuscrit Livre
Langue:slovaque
Publié: 2024
Sujets:
Accès en ligne:http://is.stuba.sk/zp/portal_zp.pl?podrobnosti=165488
Tags: Ajouter un tag
Pas de tags, Soyez le premier à ajouter un tag!

MARC

LEADER 00000ntm a22000003a 4500
001 stuzp82085
003 SK-STU
005 20240907210317.4
007 ta
008 150427s2015----xo-----f-mn---000-0-slo-d
040 |a STU  |b slo 
041 0 |a slo 
100 1 |a Haššo, Marek  |u 041000  |4 aut  |U FCHPT Fakulta chemickej a potravinárskej technológie  |T FCHPT Ústav analytickej chémie  |X 65041  |U C1000  |Y 99  |7 65041 
242 0 1 |a Automation in electroanalytical chemistry and its use in the development and validation of analytical methods  |y eng 
245 1 0 |a Automatizácia v elektroanalytickej chémii a jej využitie pri vývoji a validácii analytických metód 
260 |c 2024 
650 4 |a automation  |2 eng 
650 4 |a automated analyser  |2 eng 
650 4 |a batch injection analysis  |2 eng 
650 4 |a automatizácia  |2 slo 
650 4 |a automatizovaný analyzátor  |2 slo 
650 4 |a vsádzková injekčná analýza  |2 slo 
700 1 |a Švorc, Ľubomír  |u 041000  |k Z1  |4 ths  |U FCHPT Fakulta chemickej a potravinárskej technológie  |T FCHPT Ústav analytickej chémie  |X 19350  |U C1000  |Y 99  |7 A000019350 
856 4 |u http://is.stuba.sk/zp/portal_zp.pl?podrobnosti=165488